Химический состав вод сапропелевых озер Томской области; Известия Томского политехнического университета [Известия ТПУ]; Т. 319, № 1 : Науки о Земле

Detaylı Bibliyografya
Parent link:Известия Томского политехнического университета [Известия ТПУ]/ Томский политехнический университет (ТПУ).— , 2000-
Т. 319, № 1 : Науки о Земле.— 2011.— [С. 187-190]
Diğer Yazarlar: Бернатонис П. В. Павел Вилисович, Копылова Ю. Г. Юлия Григорьевна, Бернатонис В. К. Вилис Казимирович, Архипов В. С. Виктор Сергеевич, Меркулов В. Г. Виктор Георгиевич
Özet:Заглавие с титульного листа
Электронная версия печатной публикации
Исследован химический состав вод сапропелевых озер южной части Томской области, выявлены закономерности поведения химических элементов в ультрапресных и пресных водах восстановительной геохимической обстановки, что наиболее отчетливо проявляется по характеру распределения в них железа.
Dil:Rusça
Baskı/Yayın Bilgisi: 2011
Seri Bilgileri:Гидрогеология
Konular:
Online Erişim:http://www.lib.tpu.ru/fulltext/v/Bulletin_TPU/2011/v319/i1/32.pdf
Materyal Türü: Elektronik Kitap Bölümü
KOHA link:https://koha.lib.tpu.ru/cgi-bin/koha/opac-detail.pl?biblionumber=201454

MARC

LEADER 00000nla2a2200000 4500
001 201454
005 20250530120107.0
035 |a (RuTPU)RU\TPU\book\219566 
035 |a RU\TPU\book\219565 
090 |a 201454 
100 |a 20110926d2011 k y0rusy50 ca 
101 0 |a rus 
102 |a RU 
135 |a drnn ---uucaa 
181 0 |a i  
182 0 |a b 
200 1 |a Химический состав вод сапропелевых озер Томской области  |f П. В. Бернатонис [и др.] 
203 |a Текст  |c электронный 
215 |a 1 файл (69 Кб) 
225 1 |a Гидрогеология 
300 |a Заглавие с титульного листа 
300 |a Электронная версия печатной публикации 
320 |a [Библиогр.: с. 190 (6 назв.)] 
330 |a Исследован химический состав вод сапропелевых озер южной части Томской области, выявлены закономерности поведения химических элементов в ультрапресных и пресных водах восстановительной геохимической обстановки, что наиболее отчетливо проявляется по характеру распределения в них железа. 
337 |a Adobe Reader 
461 1 |0 (RuTPU)RU\TPU\book\176237  |t Известия Томского политехнического университета [Известия ТПУ]  |f Томский политехнический университет (ТПУ)  |d 2000- 
463 1 |0 (RuTPU)RU\TPU\book\219480  |x 1684-8519  |t Т. 319, № 1 : Науки о Земле  |v [С. 187-190]  |d 2011  |p 248 с. 
610 1 |a сапропель 
610 1 |a воды 
610 1 |a химический состав 
610 1 |a кислотно-щелочные условия вод 
610 1 |a окислительно-восстановительные условия вод 
610 1 |a геохимическая среда 
610 1 |a характер 
610 1 |a труды учёных ТПУ 
610 1 |a электронный ресурс 
701 1 |a Бернатонис  |b П. В.  |c российский геолог  |c доцент Томского политехнического университета, кандидат геолого-минералогических наук  |f 1973-  |g Павел Вилисович  |y Томск  |3 (RuTPU)RU\TPU\pers\25037  |4 070  |9 11170 
701 1 |a Копылова  |b Ю. Г.  |c российский гидрогеолог  |c доцент Томского политехнического университета, кандидат геолого-минералогических наук  |c директор учебно-научно-производственного центра «Вода»  |f 1941-  |g Юлия Григорьевна  |3 (RuTPU)RU\TPU\pers\26086  |4 070 
701 1 |a Бернатонис  |b В. К.  |c российский геолог  |c доцент Томского политехнического университета, кандидат геолого-минералогических наук  |f 1944-  |g Вилис Казимирович  |3 (RuTPU)RU\TPU\pers\25036  |4 070 
701 1 |a Архипов  |b В. С.  |c химик-технолог  |c доцент Томского политехнического университета, кандидат химических наук  |f 1939-  |g Виктор Сергеевич  |3 (RuTPU)RU\TPU\pers\24792  |4 070 
701 1 |a Меркулов  |b В. Г.  |c российский физик  |c старший научный сотрудник Томского политехнического университета  |f 1947-  |g Виктор Георгиевич  |3 (RuTPU)RU\TPU\pers\28750  |4 070 
801 1 |a RU  |b 63413507  |c 20090623  |g PSBO 
801 2 |a RU  |b 63413507  |c 20211228  |g PSBO 
856 4 |u http://www.lib.tpu.ru/fulltext/v/Bulletin_TPU/2011/v319/i1/32.pdf 
942 |c CF